| 000 | 01256nam a2200253Ia 4500 | ||
|---|---|---|---|
| 999 |
_c38477 _d38477 |
||
| 001 | 4490 | ||
| 003 | GE_BSU | ||
| 005 | 20191016150354.0 | ||
| 008 | 181216s2011||||ge |||||||||||||| ||geo|| | ||
| 020 | _a978994103706 | ||
| 040 | _cGE_BSU | ||
| 041 | _ageo | ||
| 080 | _a519.87:574 + 519.87:61 ძ-63 | ||
| 100 |
_aძიძიგური, ციალა. _94160 |
||
| 245 |
_aმათემატიკური მოდელები ეკოლოგიასა და მედიცინაში / _cციალა ძიძიგური ; თემურ ჩილაჩავა ; რედ : ჰამლეტ მელაძე. |
||
| 264 |
_aთბილისი : _bინოვაცია, _c2011. |
||
| 300 |
_a335 გვ.: _c ნახ. ; _b20 სმ. |
||
| 504 | _aბიბლიოგრ.: გვ. 329-334. | ||
| 653 | _aეკოლოგია - მათემატიკური მოდელირება | ||
| 653 | _aმედიცინა - მათემატიკური მოდელირება | ||
| 700 |
_aჩილაჩავა, თემურ _94161 _eავტორი |
||
| 700 |
_aმელაძე , ჰამლეტ _eრედაქტორი _94162 |
||
| 942 |
_cBK _2udc |
||